Normal view
MARC view
- Morgan, J. H
Entry Personal Name
001 - CONTROL NUMBER
- control field: 49086
003 - CONTROL NUMBER IDENTIFIER
- control field: NUST
005 - DATE AND TIME OF LATEST TRANSACTION
- control field: 20210314134239.0
008 - FIXED-LENGTH DATA ELEMENTS
- fixed length control field: 210314|| aca||aabn | a|a d
040 ## - CATALOGING SOURCE
- Original cataloging agency: NUST
- Transcribing agency: NUST
100 ## - HEADING--PERSONAL NAME
- Personal name: Morgan, J. H
670 ## - SOURCE DATA FOUND
- Source citation: Work cat.: (NUST): Morgan, J. H., Assize of arms, being the story of the disarmament of Germany and her rearmament (1919-1939),, [1945-
